Revista del Archivo Histórico del Cuzco / (Record no. 21879)

000 -CABECERA
fixed length control field 02860nam a22003017a 4500
003 - IDENTIFICADOR DEL NÚMERO DE CONTROL
control field AR-CdUCM
008 - DATOS DE LONGITUD FIJA--INFORMACIÓN GENERAL
fixed length control field 190425b ||||| |||| 00| 0 spa d
040 ## - FUENTE DE LA CATALOGACIÓN
Agencia/entidad que catalogó originalmente la obra MUNICIPALIDAD PROVINCIAL DEL CUSCO
Entidad que transcribió la catalogación BIBLIOTECA MUNICIPAL DEL CUSCO
082 ## - NÚMERO DE LA CLASIFICACIÓN DECIMAL DEWEY
No. de Clasificación Rev.AHC/N°8/1957
110 ## - ENTRADA PRINCIPAL--NOMBRE DE ENTIDAD CORPORATIVA
Nombre de la institución, jurisdicción como entrada principal Archivo Regional del Cusco
9 (RLIN) 46600
245 ## - MENCIÓN DE TÍTULO
Título Revista del Archivo Histórico del Cuzco /
Mención de responsabilidad Universidad Nacional del Cuzco
260 ## - PUBLICACIÓN, DISTRIBUCIÓN, ETC.
Lugar de publicación, distribución, etc. Cusco :
Nombre de la editorial, distribuidor, etc. H.G. rozas,
Fecha de publicación, distribución, etc. 1957.
300 ## - DESCRIPCIÓN FÍSICA
Nº de Páginas Extensión 434 páginas. :
Dimensiones 21 cm.
440 ## - MENCIÓN DE SERIE/PUNTO DE ACCESO ADICIONAL--TÍTULO
Título Revista del Archivo Histórico.
Número de la parte/sección de una obra Año VIII, 1957, N°8.
9 (RLIN) 46619
505 ## - NOTA DE CONTENIDO CON FORMATO
Nota de contenido formateada Contenido: Palmas magisteriales del Perú. -- Estímulo a la investigación y estudio a la historia peruana. -- Monumento a Bolognesi en Cusco. -- Pumacahua en Arequipa 38 documentos. -- Fundación española del Cusco extracto de un libro de su ayuntamiento. -- Sobre el tratado de Paucarpata 2 documentos. -- Tesoros de la Catedral del Cusco inventarios de 1866. -- El separatismo de Tupac Amaru un análisis de la insurrección de 1870. Cesar García Rosell. -- Dos escrituras de Tupac Amaru año 1779. -- Familias del Cuzco, filiación y genealogía de los Berrios, Silvas y Xaras. -- Altar de pata de la Catedral del Cusco. -- Cofradía del Señor de los Temblores. -- Papeles de censos e imposiciones. -- Por llevar el parasol de Pumacahua. Eduardo L. Ugarte. -- Tierras de Amaru Cancha. -- Colegio de Educandas de Cusco, decreto de fundación y otros documentos referentes. -- Colegio para los hijos de Caciques. -- Colegio de San Francisco de Borja. -- Rentas del colegio de Educandas año 1832. -- Tierras de fortaleza. -- Derechos de funerales. -- Verdugo año 1822. -- Hospicio de pobres e inválidos. -- Botica en 1844. -- La lucha por la independencia del Perú, la rebelión de 1742 Juan Santos Atahuallpa. José A. Vallejo Fonseca. -- Hospital del Cuzco 18 cartas y el reglamento. -- Inventario de la Iglesia y Hospital de San Andrés del Cuzco. -- Inventario de la iglesia y convento de la Almudena del Cuzco. -- Fundadores y benefactores de la Compañía del Cuzco. -- Restablecimiento de la Compañía de Jesús en los reinos del Perú. -- Arte Cuzqueño V. Jorge Cornejo Bouroncle. -- Biblioteca del Deán Esquivel y Navía. -- De los últimos días virreinales. -- Se reincorpora la Intendencia de Puno al Virreinato del Perú. -- De los primeros años de la republica. -- Reparto de tierra en 1595.
650 ## - PUNTO DE ACCESO ADICIONAL DE MATERIA--TÉRMINO DE MATERIA
Descriptor Documentos históricos
9 (RLIN) 1122
650 ## - PUNTO DE ACCESO ADICIONAL DE MATERIA--TÉRMINO DE MATERIA
Descriptor Patrimonio documental
9 (RLIN) 44090
650 ## - PUNTO DE ACCESO ADICIONAL DE MATERIA--TÉRMINO DE MATERIA
Descriptor Historia del Cusco
9 (RLIN) 1714
650 ## - PUNTO DE ACCESO ADICIONAL DE MATERIA--TÉRMINO DE MATERIA
Descriptor Levantamientos andinos
9 (RLIN) 44095
650 ## - PUNTO DE ACCESO ADICIONAL DE MATERIA--TÉRMINO DE MATERIA
Descriptor Arte cusqueño
9 (RLIN) 13165
650 ## - PUNTO DE ACCESO ADICIONAL DE MATERIA--TÉRMINO DE MATERIA
Descriptor Hospitales del Cusco
9 (RLIN) 46620
650 ## - PUNTO DE ACCESO ADICIONAL DE MATERIA--TÉRMINO DE MATERIA
Descriptor Tupac Amaru
9 (RLIN) 623
700 ## - PUNTO DE ACCESO ADICIONAL--NOMBRE DE PERSONA
Nombre Personal Cornejo Bouroncle, Jorge
9 (RLIN) 15278
700 ## - PUNTO DE ACCESO ADICIONAL--NOMBRE DE PERSONA
Nombre Personal García Rosell, Cesar
9 (RLIN) 25779
700 ## - PUNTO DE ACCESO ADICIONAL--NOMBRE DE PERSONA
Nombre Personal Vallejo Fonseca, José
9 (RLIN) 46621
942 ## - ELEMENTOS DE PUNTO DE ACCESO ADICIONAL (KOHA)
Fuente de clasificación
Tipo de item Revistas cusqueñas
945 ## - PROCESAMIENTO DE INFORMACIÓN LOCAL (OCLC)
Catalogador rac
Holdings
Estado de retiro (separado) Fuente de clasificación o esquema de estanterías Estado dañado Ubicación Sala donde se ubica Nombre de la colección Fecha de adquisición o compra Costo, precio normal en soles Signatura topográfica Código de Barras Última vez visto (Koha) Tipo de ítem (Koha)
No     Sala Hemeroteca Sala Hemeroteca Book Cart 2021-09-07 10.00 Rev.AHC/N°8/1957 REVC000390 2021-09-07 Revistas cusqueñas

Powered by Koha